000 004850000a22001330004500
090 _aAS
_bSeriadas
245 1 0 _aEstudios ecológicos en la Cordillera Oriental - II. Las comunidades vegetales de los alrededores de la Laguna de Chingaza (<Cundinamarca>)
041 0 _aEspañol
700 1 _aRangel Ch., J. Orlando
_992819
700 1 _aLozano Contreras, Gustavo
_920520
100 1 _aFranco Rosselli, Pilar
_94796
942 _cARTICULO
773 1 _tCaldasia
_345
_h71-75
_q219-248
_d1986
_g15
999 _c14561
_d14561